Govt. of
Madhya Pradesh

Der Rig Veda (Record no. 40522)

MARC details
000 -LEADER
fixed length control field 004250000a22001690004500
003 - CONTROL NUMBER IDENTIFIER
control field MACL
005 - DATE AND TIME OF LATEST TRANSACTION
control field 20151222121603.0
008 - FIXED-LENGTH DATA ELEMENTS--GENERAL INFORMATION
fixed length control field 151222b xxu||||| |||| 00| 0 eng d
040 ## - CATALOGING SOURCE
Original cataloging agency MACL
Transcribing agency MACL
041 ## - LANGUAGE CODE
Language code of text/sound track or separate title English
082 ## - DEWEY DECIMAL CLASSIFICATION NUMBER
Classification number 200/CEL
100 ## - MAIN ENTRY--PERSONAL NAME
Personal name Geldner, Karl Friedrich
9 (RLIN) 21775
245 ## - TITLE STATEMENT
Title Der Rig Veda
260 ## - PUBLICATION, DISTRIBUTION, ETC. (IMPRINT)
Name of publisher, distributor, etc. Harvard University Press
Date of publication, distribution, etc. 1951
Place of publication, distribution, etc. London
650 ## - SUBJECT ADDED ENTRY--TOPICAL TERM
Topical term or geographic name as entry element Religion
9 (RLIN) 21776
942 ## - ADDED ENTRY ELEMENTS (KOHA)
Koha item type Books
Call number prefix 200/GEL
Source of classification or shelving scheme
Holdings
Withdrawn status Lost status Source of classification or shelving scheme Damaged status Not for loan Home library Current library Date acquired Total Checkouts Full call number Barcode Date last seen Uniform Resource Identifier Price effective from Koha item type
          MACL MACL 15/04/2015   200/GEL RBKS CRB006480 29/04/2015 40768 15/04/2015 Books